4-kirjaimiset pääkaupungit - Statistics

Yleistilastot
  • Tätä visaa on pelattu 121 kertaa
  • Keskiarvotulos 10 / 14
Vastaustilastot
Maanosa Pääkaupunki % Oikein
Etelä-Amerikka Lima
91%
Eurooppa Oslo
91%
Eurooppa Bern
78%
Aasia Baku
70%
Eurooppa Wien
69%
Aasia Doha
67%
Aasia Dili
65%
Aasia Malé
65%
Aasia Riad
65%
Afrikka Juba
63%
Aasia Soul
63%
Oseania Apia
59%
Oseania Suva
57%
Afrikka Lomé
56%
Ehtoja vastaavia visoja ei löytynyt
Tulosjakauma
Jokaisen tuloksen saaneiden osuus
Persentiili vastausten määrän mukaan
Tuloshistoriasi
Et ole pelannut tätä visaa